zpět

Detail výsledku týmu

Na Tahu , Olomouc

Datum a čas kvízu

32 Celkem bodů Celkový počet nahraných bodů na tomto kvízu bez doplňovacích otázek.
4. Pořadí na kvízu Konečné umístění týmu na tomto kvízu.

Zaznamenané odpovědi

# Otázka Odpověď Body Výsledky
1. Na politickou scénu se vracejí... Taťána Malá; spravedlnost 0
2. K půlročnímu vězení odsoudil n... líbali se 0
3. Minulou středu měla premiéru t... Naked Attraction 1
4. V letošním roce byla udělena N... C 0
5. Hokejová extraliga zažila v mi... HC Sparta Praha, HC Dynamo Pardubice 1
6. Rozdělení Římské říše mezi Hon... na konci 4. století 1
7. Ve 14. století Evropu sevřela... D 1
8. Adolf Hitler se nepoučil z výs... 6. armáda, (Friedrich) Paulus 1
9. Jak se jednoslovně nazývá tent... Watergate 0
10. Jak moc velkou chybou byl či n... A 1